| 000 | 00593nam a2200205 a 4500 | ||
|---|---|---|---|
| 005 | 20210219152624.0 | ||
| 008 | 991125s1983 mx 000 0 spa u | ||
| 020 | _a9685802831 | ||
| 035 | _aUPN01000057631 | ||
| 049 | _aCG | ||
| 050 | 4 |
_aPR6019 O7 _bC8.88 |
|
| 100 | 1 | _aCohen Dabah, Esther | |
| 245 | 1 | 0 |
_aUlises, ó, La crítica de la vida cotidiana / _cEsther Cohen Dabah |
| 260 |
_aMéxico : _bUNAM, Facultad de Filosofía y Letras, _c1983 |
||
| 300 | _a129 p | ||
| 440 | 0 | _aOpúsculos. Investigación | |
| 600 | 1 | 4 |
_aJOYCE, JAMES, _d1882-1941 |
| 904 |
_aAC _b057634 |
||
| 905 | _aLibro | ||
| 999 |
_c57631 _d57631 |
||